Statistiques concernant Tableau périodique des éléments A-Z

Cliquez ici pour prendre le quiz!

Statistiques générales

  • Ce quiz a été pris 10 719 fois
  • Le résultat moyen est 15 sur 23

Statistiques - réponses

LettreÉléments% Correct
AActinium | Aluminium | Américium | Antimoine | Argent | Argon | Arsenic | Astate | Azote
97%
CCadmium | Calcium | Californium | Carbone | Cérium | Césium | Chlore | Chrome | Cobalt | Copernicium | Cuivre | Curium
97%
FFer | Fermium | Flérovium | Fluor | Francium
90%
OOganesson | Or | Osmium | Oxygène
89%
HHafnium | Hassium | Hélium | Holmium | Hydrogène
88%
PPalladium | Phosphore | Platine | Plomb | Plutonium | Polonium | Potassium | Praséodyme | Prométhium | Protactinium
86%
SSamarium | Scandium | Seaborgium | Sélénium | Silicium | Sodium | Soufre | Strontium
79%
BBaryum | Berkélium | Béryllium | Bismuth | Bohrium | Bore | Brome
78%
UUranium
77%
MMagnésium | Manganèse | Meitnérium | Mendélévium | Mercure | Molybdène | Moscovium
75%
IIndium | Iode | Iridium
67%
LLanthane | Lawrencium | Lithium | Livermorium | Lutécium
63%
RRadium | Radon | Rhénium | Rhodium | Roentgenium | Rubidium | Ruthénium | Rutherfordium
63%
NNéodyme | Néon | Neptunium | Nickel | Nihonium | Niobium | Nobelium
60%
TTantale | Technétium | Tellure | Tennesse | Terbium | Thallium | Thorium | Thulium | Titane | Tungstène
60%
XXénon
58%
ZZinc | Zirconium
55%
EEinsteinium | Erbium | Étain | Europium
49%
GGadolinium | Gallium | Germanium
48%
KKrypton
39%
VVanadium
29%
YYtterbium | Yttrium
26%
DDarmstadtium | Dubnium | Dysprosium
17%

Distribution des résultats

Percentile par nombre de réponses

% des personnes avec chaque résultat

Votre développement - résultats

Vous n’avez pas pris ce quiz